000 00264nam a22001097a 4500
008 170110b xxu||||| |||| 00| 0 eng d
020 _a0471497924
041 _aeng
080 _a618.2
245 _aTHE CASE FOR CONSULATION IN NURSING
_cKOHNKE, M.F
942 _2udc
_cBK
999 _c2654
_d2654